00659nam a2200181 a 4500001001000000005001700010008004100027050002200068100002700090245007500117260005300192300002300245504002900268610005100297942001100348999001500359952010300374BRCA_140920190320203420.0820714s1951 mx-a---###---#000-0#spa-# 4aLE7.M4b.A88 19511 aAttolini, José9460710aLas finanzas de la Universidad a través del tiempocJosé Attolini. a[México]bEscuela Nacional de Economíac1951 a91 p.bil.c24 cm. aBibliografía: p. 85-8724aMéxico (Ciudad)bUniversidad Nacional.94608 2lcccB c1271d1271 00104070aBRCAbBRCAd2008-06-26l0oLE7.M4 .A88 1951p01935r2019-03-22 00:00:00w2019-03-22yB